[Event "FIDE Grand Swiss 2021"]
[Site "Riga"]
[Date "30.10.2021"]
[Round "4"]
[White "Bluebaum, Matthias"]
[Black "Henriquez Villagra, Cristobal"]
[Result "1/2-1/2"]
[WhiteElo "2640"]
[BlackElo "2608"]
[EventDate "2021"]

1. d4 d5 2. c4 c6 3. Nf3 Nf6 4. Nc3 e6 5. Qc2 Nbd7 6. e4 dxe4 7. Nxe4 Nxe4
8. Qxe4 Bb4+ 9. Bd2 Bxd2+ 10. Nxd2 Qc7 11. Bd3 b6 12. O-O-O Nf6 13. Qe3 Bb7
14. c5 Nd5 15. Qg3 Qxg3 16. hxg3 Ke7 17. Ne4 h6 18. Nd6 Rhb8 19. Be2 bxc5
20. dxc5 a5 21. a3 a4 22. Rd2 Ra5 23. Nxb7 Rxb7 24. Rc2 Nf6 25. Bf3 Kd7 26.
Rh4 Kc7 27. Rcc4 Rab5 28. Rc2 Ra5 29. Rcc4 Rab5 30. Rc2 Ra5 31. Rcc4
1/2-1/2

[Event "FIDE Grand Swiss 2021"]
[Site "Riga"]
[Date "30.10.2021"]
[Round "4"]
[White "Ter-Sahakyan, Samvel"]
[Black "Tabatabaei, M. Amin"]
[Result "0-1"]
[WhiteElo "2607"]
[BlackElo "2639"]
[EventDate "2021"]

1. e4 e5 2. Nf3 Nc6 3. Bb5 Nf6 4. O-O Nxe4 5. d4 Nd6 6. Bxc6 dxc6 7. dxe5
Nf5 8. Qxd8+ Kxd8 9. Nc3 Bd7 10. b3 a5 11. Bb2 h6 12. h3 Kc8 13. Rfd1 b6
14. a4 Ne7 15. Rd2 c5 16. Rad1 Be6 17. Ne2 g5 18. h4 Kb7 19. hxg5 hxg5 20.
Nxg5 Bh6 21. f4 Bxg5 22. fxg5 Rag8 23. Nf4 Rxg5 24. Rd8 Rh4 25. Rf1 Nf5 26.
Rf3 Rgg4 27. Nxe6 fxe6 28. Bc3 Re4 29. Re8 Rh6 30. Rf8 Re2 31. g4 Ne3 32.
Rg3 Rh4 33. g5 Nf5 34. Rg2 Rxg2+ 35. Kxg2 Rg4+ 36. Kf2 Rxg5 37. Rf6 Rh5 38.
Ke2 Rh2+ 39. Kd3 Rh3+ 40. Kd2 Ng3 41. Rf4 Kc6 42. Bb2 Rh2+ 43. Kd3 Nf5 44.
Rf3 Ne7 45. Bc3 Nf5 46. Bb2 Kd7 47. Bc3 Rh4 48. Bb2 Kc6 49. c4 Rh2 50. Bc3
Kd7 51. Rf4 Ke7 52. Rg4 Kf7 53. Rf4 Rh3+ 54. Kc2 Rg3 55. Rf1 Kg6 56. Rh1
Kg7 57. Kb2 Rg2+ 58. Ka3 Ne3 59. Rh3 Re2 60. Rh4 Kg6 61. Rf4 Nf5 62. Rg4+
Kf7 63. Rf4 Ke7 64. Rg4 Kf7 65. Rf4 Ke8 66. Rg4 Kd7 67. Rg5 Ne3 68. Rh5 Rf2
69. Rh7+ Kc6 70. Rh6 Rf3 0-1

[Event "FIDE Grand Swiss 2021"]
[Site "Riga"]
[Date "30.10.2021"]
[Round "4"]
[White "Abasov, Nijat"]
[Black "Kuybokarov, Temur"]
[Result "1/2-1/2"]
[WhiteElo "2638"]
[BlackElo "2549"]
[EventDate "2021"]

1. d4 d5 2. c4 dxc4 3. Nf3 Nf6 4. e3 e6 5. Bxc4 c5 6. O-O Nc6 7. Nc3 a6 8.
dxc5 Qxd1 9. Rxd1 Bxc5 10. a3 O-O 11. b4 Be7 12. Be2 b5 13. e4 Rd8 14. Be3
Bb7 15. Bb6 Rxd1+ 16. Rxd1 Rc8 17. Rd3 g6 18. h3 Nb8 19. Nd2 Nfd7 20. Bd4
Nc6 21. f4 Nxd4 22. Rxd4 Nf6 23. Rd3 Rd8 24. Kf2 Rxd3 25. Bxd3 Bd8 26. a4
Bb6+ 27. Kf3 Bd4 28. Ne2 Bb2 29. axb5 axb5 30. Nb3 Ba3 31. Nc5 Ba8 32. Na6
Bb7 33. Nc5 Ba8 34. Na6 Bb7 1/2-1/2

[Event "FIDE Grand Swiss 2021"]
[Site "Riga"]
[Date "30.10.2021"]
[Round "4"]
[White "Martirosyan, Haik M."]
[Black "Xiong, Jeffery"]
[Result "0-1"]
[WhiteElo "2624"]
[BlackElo "2700"]
[EventDate "2021"]

1. d4 d5 2. c4 c6 3. Nf3 Nf6 4. Nc3 e6 5. Bg5 dxc4 6. a4 c5 7. e4 cxd4 8.
Qxd4 Qxd4 9. Nxd4 Bd7 10. Ndb5 Bxb5 11. axb5 Nbd7 12. Bxc4 h6 13. Bd2 Bc5
14. Ke2 g5 15. f3 Ke7 16. Bb3 Rhg8 17. Bc2 h5 18. Nd1 h4 19. Ne3 Nh5 20.
Nc4 Nf4+ 21. Kf1 Rac8 22. g3 hxg3 23. hxg3 Rh8 24. Rh5 Rh7 25. Rxh7 Rf8 26.
Rh8 Rxh8 27. gxf4 Rh1+ 28. Ke2 Rxa1 29. fxg5 Rg1 30. f4 Nb6 31. Ne3 Rg3 32.
b3 Nd7 33. b4 Bd4 34. Kf2 Rh3 35. Ke2 Nb6 36. f5 Nd7 37. Nc4 Ne5 38. Nxe5
Bxe5 39. Bd3 b6 40. Bc4 Bc3 41. Bf4 e5 42. Be3 Bxb4 43. Bd5 Kf8 44. Bc4 Kg7
45. Bd5 Bc5 46. Bd2 Ra3 47. Bc6 Rb3 48. f6+ Kg6 49. Bd7 Rg3 50. Bf5+ Kh5
51. Bd7 Rg2+ 52. Kd3 Bf2 53. Bf5 Bd4 54. Bd7 Rg3+ 55. Ke2 Ra3 56. Bc8 Bc3
57. Be3 Be1 58. Bf5 Bh4 59. g6 fxg6 60. f7 Be7 61. Be6 g5 62. Bc1 Rg3 63.
Be3 g4 64. f8=Q Bxf8 65. Bf7+ Kh4 66. Bf2 Bc5 67. Bxg3+ Kxg3 68. Be6 Kf4
69. Bd7 g3 70. Bh3 Kxe4 71. Bg2+ Kf4 72. Kd3 a5 73. bxa6 b5 74. Bh1 Ba7 75.
Bc6 b4 76. Bh1 b3 77. Kc3 Ke3 78. Kxb3 Kd3 0-1

[Event "FIDE Grand Swiss 2021"]
[Site "Riga"]
[Date "30.10.2021"]
[Round "4"]
[White "Eljanov, Pavel"]
[Black "Antipov, Mikhail Al."]
[Result "1-0"]
[WhiteElo "2691"]
[BlackElo "2619"]
[EventDate "2021"]

1. c4 g6 2. Nc3 c5 3. g3 Bg7 4. Bg2 Nc6 5. Nf3 d6 6. O-O Bf5 7. h3 Qd7 8.
Kh2 e5 9. d3 Nge7 10. e4 Be6 11. Ng5 h6 12. Nxe6 fxe6 13. h4 Nd4 14. Ne2
Nxe2 15. Qxe2 Nc6 16. Be3 g5 17. hxg5 hxg5+ 18. Bh3 Bf6 19. Kg2 Qe7 20. Rh1
Kd7 21. a3 a5 22. Rab1 Kc7 23. Qg4 Rhe8 24. Bd2 Qf7 25. b3 Nd4 26. Bc3 Nc6
27. Rb2 Bd8 28. Qf3 Qg7 29. Bg4 Kd7 30. Rbb1 b6 31. Rh5 Ra7 32. Rbh1 Kc8
33. Rh6 Rae7 34. Rh7 Qxh7 35. Bxe6+ Kc7 36. Rxh7 Rxh7 37. Bg4 Ree7 38. Qf5
Na7 39. b4 axb4 40. axb4 Rhf7 41. Qg6 Rg7 42. Qh6 Nc6 43. bxc5 bxc5 44. Bf5
g4 45. Bd2 Rg8 46. Be6 Rgg7 47. Bd5 Rd7 48. Qh1 Bg5 49. Bc3 Rd8 50. Qa1 Rc8
51. Qa6 1-0

[Event "FIDE Grand Swiss 2021"]
[Site "Riga"]
[Date "30.10.2021"]
[Round "4"]
[White "Van Foreest, Jorden"]
[Black "Ganguly, Surya Shekhar"]
[Result "1-0"]
[WhiteElo "2691"]
[BlackElo "2617"]
[EventDate "2021"]

1. c4 Nf6 2. Nc3 e6 3. e4 d5 4. e5 d4 5. exf6 dxc3 6. bxc3 Qxf6 7. Nf3 b6
8. c5 Bxc5 9. d4 Bd6 10. Bd3 h6 11. Be4 c6 12. O-O O-O 13. Re1 Rd8 14. c4
Bb7 15. Rb1 Nd7 16. Rb3 Rac8 17. Bb2 Re8 18. c5 Bf8 19. h4 Qd8 20. Bb1 Rc7
21. Qc2 f5 22. Rbe3 Bc8 23. Qb3 Nf6 24. Bxf5 Nd5 25. Bb1 Nxe3 26. Rxe3 Be7
27. Qc2 Bf6 28. Qh7+ Kf8 29. Ne5 Bxe5 30. dxe5 Qxh4 31. Bg6 Bd7 32. Rd3 1-0

[Event "FIDE Grand Swiss 2021"]
[Site "Riga"]
[Date "30.10.2021"]
[Round "4"]
[White "Matlakov, Maxim"]
[Black "Sadhwani, Raunak"]
[Result "1/2-1/2"]
[WhiteElo "2682"]
[BlackElo "2609"]
[EventDate "2021"]

1. e4 e5 2. Nf3 Nc6 3. Bb5 Nf6 4. d3 Bc5 5. Bxc6 dxc6 6. O-O Qe7 7. Nbd2
Bg4 8. h3 Bh5 9. a3 a5 10. Nc4 Nd7 11. g4 Bg6 12. b4 Bb6 13. Rb1 axb4 14.
axb4 O-O 15. Nxb6 cxb6 16. Bg5 f6 17. Be3 Bf7 18. Nh4 g6 19. Qd2 b5 20. Bh6
Rfc8 21. f4 c5 22. Rf2 Ra2 23. g5 cxb4 24. Qxb4 Qxb4 25. Rxb4 fxg5 26. Bxg5
Rcxc2 27. Rxc2 Rxc2 28. Rxb5 Rc3 29. Rxb7 Rxd3 30. Bh6 Be6 1/2-1/2

[Event "FIDE Grand Swiss 2021"]
[Site "Riga"]
[Date "30.10.2021"]
[Round "4"]
[White "Sethuraman, S.P."]
[Black "Gelfand, Boris"]
[Result "1/2-1/2"]
[WhiteElo "2620"]
[BlackElo "2680"]
[EventDate "2021"]

1. e4 c5 2. Nf3 d6 3. d4 cxd4 4. Nxd4 Nf6 5. Nc3 Nc6 6. Bb5 Bd7 7. Be3 Ng4
8. Nxc6 Nxe3 9. Nxd8 Nxd1 10. Nxf7 Nxc3 11. Bxd7+ Kxf7 12. bxc3 e6 13. f4
Ke7 14. Ba4 g6 15. Rd1 Rc8 16. O-O Bg7 17. f5 Rhf8 18. fxe6 Kxe6 19. Bb3+
Ke7 20. Rxf8 Rxf8 21. Rf1 Rxf1+ 22. Kxf1 Bxc3 23. Ke2 Be5 24. g3 g5 25. Kf3
h5 26. h3 Kf6 27. Bd5 b6 28. Bc6 h4 29. gxh4 gxh4 30. Ke2 Kg5 31. Kf3
1/2-1/2

[Event "FIDE Grand Swiss 2021"]
[Site "Riga"]
[Date "30.10.2021"]
[Round "4"]
[White "Cheparinov, Ivan"]
[Black "Adly, Ahmed"]
[Result "1/2-1/2"]
[WhiteElo "2659"]
[BlackElo "2602"]
[EventDate "2021"]

1. d4 Nf6 2. c4 e6 3. Nf3 d5 4. Nc3 Nbd7 5. Bf4 dxc4 6. e3 Nd5 7. Bxc4 Nxf4
8. exf4 Nb6 9. Bd3 g6 10. h4 Nd5 11. g3 Bg7 12. h5 Nxc3 13. bxc3 c5 14. Rb1
cxd4 15. cxd4 O-O 16. Kf1 b6 17. Be4 Rb8 18. Ne5 Bb7 19. Qf3 Bxe4 20. Qxe4
Qd6 21. Kg2 Rbd8 22. h6 Bh8 23. Nc6 Rd7 24. Rbc1 Re8 25. Rc2 Bf6 26. Rhc1
Qf8 27. Ne5 Bxe5 28. dxe5 Qxh6 29. Rc7 Rxc7 30. Rxc7 Rd8 31. Qc6 g5 32. f5
g4 33. Rc8 Rxc8 1/2-1/2

[Event "FIDE Grand Swiss 2021"]
[Site "Riga"]
[Date "30.10.2021"]
[Round "4"]
[White "Rakhmanov, Aleksandr"]
[Black "Van Foreest, Lucas"]
[Result "1/2-1/2"]
[WhiteElo "2657"]
[BlackElo "2543"]
[EventDate "2021"]

1. Nf3 d5 2. e3 Nf6 3. c4 e6 4. b3 c5 5. Bb2 Nc6 6. cxd5 exd5 7. d4 cxd4 8.
Nxd4 Bb4+ 9. Bc3 Qa5 10. Qd2 Bxc3 11. Nxc3 Bd7 12. Ncb5 Qxd2+ 13. Kxd2 Ne4+
14. Ke1 Nxd4 15. Nxd4 Rc8 16. f3 Nc5 17. Kd2 Ke7 18. Bd3 Ne6 19. Ne2 Rc7
20. h4 h5 21. Rhd1 g6 22. Ke1 Rd8 23. Rd2 Bc6 24. Rc1 Be8 25. Rcd1 Bc6 26.
Kf2 a5 27. Rb1 Nc5 28. Bc2 Ne6 29. b4 axb4 30. Rxb4 Ra8 31. Bb3 Ra5 32. Nf4
Nxf4 33. Rxf4 Rd7 34. Rfd4 Rc5 35. Kg3 Rc3 36. Kf2 Rd6 37. Rd1 Rd7 38. R1d2
Rd6 39. Rd1 Rd7 40. R4d2 Ke8 41. Re1 Ke7 42. Rd4 Rd6 43. Ke2 Rc5 44. Kd2
Rd8 45. Rd1 Ra8 46. Ke1 Rc3 47. Kf2 Rc5 48. Kg3 Rc3 49. Kf4 Kf6 50. R1d2
Re8 51. R4d3 Rxd3 52. Rxd3 Ra8 53. Rd1 Ra3 54. Rd2 Ra8 55. Rd4 Rc8 56. Kg3
Ke5 57. Kf2 Kd6 58. Ke1 Rc7 59. Kd2 Re7 60. Rd3 Re5 61. Rc3 g5 62. g3 Re8
63. Rd3 Kc5 64. Ke1 f5 65. Kf2 f4 66. exf4 Rf8 67. Ke3 Re8+ 68. Kf2 Rf8 69.
Ke3 1/2-1/2

[Event "FIDE Grand Swiss 2021"]
[Site "Riga"]
[Date "30.10.2021"]
[Round "4"]
[White "Nguyen, Thai Dai Van"]
[Black "Cori, Jorge"]
[Result "1/2-1/2"]
[WhiteElo "2577"]
[BlackElo "2655"]
[EventDate "2021"]

1. Nf3 d5 2. d4 Nf6 3. c4 c6 4. cxd5 cxd5 5. Nc3 Nc6 6. Bf4 a6 7. Rc1 e6 8.
e3 Bd6 9. Ne5 O-O 10. Bd3 Bxe5 11. Bxe5 Nxe5 12. dxe5 Nd7 13. f4 Qb6 14.
Qd2 Nc5 15. Bb1 Bd7 16. Ne2 Rac8 17. Kf2 a5 18. Rc3 Qd8 19. Rhc1 b6 20. Kg1
f6 21. Qd4 Bb5 22. Ng3 f5 23. Nh1 Rf7 24. Nf2 Rfc7 25. h3 g6 26. Kh2 h5 27.
b3 h4 28. Bd3 Be8 29. Be2 Qe7 30. b4 Na4 31. Rxc7 Rxc7 32. Rxc7 Qxc7 33.
bxa5 bxa5 34. a3 Qc2 35. Bd1 Qxf2 36. Bxa4 Qg3+ 37. Kh1 Qe1+ 38. Kh2 Qg3+
39. Kh1 Qe1+ 40. Kh2 Bf7 41. Qb6 Qg3+ 42. Kh1 Qe1+ 43. Kh2 Kg7 44. Qa7 Qg3+
45. Kh1 Qe1+ 46. Kh2 Qg3+ 1/2-1/2

[Event "FIDE Grand Swiss 2021"]
[Site "Riga"]
[Date "30.10.2021"]
[Round "4"]
[White "Goryachkina, Aleksandra"]
[Black "Niemann, Hans Moke"]
[Result "1/2-1/2"]
[WhiteElo "2602"]
[BlackElo "2638"]
[EventDate "2021"]

1. d4 d5 2. c4 c6 3. Nf3 Nf6 4. Nc3 e6 5. e3 Nbd7 6. Qc2 Bd6 7. b3 O-O 8.
Be2 b6 9. O-O Bb7 10. Bb2 Qe7 11. Rfe1 c5 12. cxd5 exd5 13. Bd3 Rac8 14.
dxc5 bxc5 15. Bf5 Rfe8 16. Nb5 Bb8 17. Bxf6 gxf6 18. Nc3 Rcd8 19. Ne2 Ne5
20. Nxe5 fxe5 21. e4 d4 22. Nc1 Bc7 23. Nd3 Ba5 24. Rf1 Bc3 25. Rad1 Kh8
26. f4 exf4 27. Rxf4 Rg8 28. Rdf1 Rg7 29. R1f3 Ba6 30. Rh3 Qg5 31. Rg4 Qd2
32. Rxg7 Kxg7 33. Rg3+ Kf8 34. Qb1 c4 35. bxc4 Bxc4 36. Bxh7 Ke7 37. Ne5
Bxa2 38. Qb7+ Kd6 39. Nxf7+ Bxf7 40. e5+ Kc5 41. Qxa7+ Kb4 42. Qe7+ Ka4 43.
Qa7+ Kb4 44. Qe7+ Ka4 45. Qa7+ 1/2-1/2

[Event "FIDE Grand Swiss 2021"]
[Site "Riga"]
[Date "30.10.2021"]
[Round "4"]
[White "Sindarov, Javokhir"]
[Black "Durarbayli, Vasif"]
[Result "1/2-1/2"]
[WhiteElo "2587"]
[BlackElo "2629"]
[EventDate "2021"]

1. e4 e5 2. Nf3 Nc6 3. Bb5 a6 4. Ba4 Nf6 5. O-O Be7 6. Bxc6 dxc6 7. d3 Nd7
8. Nbd2 f6 9. Nc4 Nc5 10. Nh4 g6 11. b4 Na4 12. Bd2 Be6 13. Na5 Rb8 14. Nf3
Qd7 15. Nb3 O-O 16. Qe2 Rbd8 17. Rab1 b5 18. Qe3 Rfe8 19. Rfd1 Bf7 20. h3
Bd6 21. Kh1 a5 22. Nxa5 Bxa2 23. Ra1 Be6 24. Nb7 Ra8 25. Nxd6 cxd6 26. Nh2
d5 27. f3 Rac8 28. Qf2 Qe7 29. Rf1 c5 30. exd5 Bxd5 1/2-1/2

[Event "FIDE Grand Swiss 2021"]
[Site "Riga"]
[Date "30.10.2021"]
[Round "4"]
[White "Morovic Fernandez, Ivan"]
[Black "Yilmaz, Mustafa"]
[Result "0-1"]
[WhiteElo "2510"]
[BlackElo "2626"]
[EventDate "2021"]

1. e4 c5 2. Nf3 d6 3. d4 cxd4 4. Nxd4 Nf6 5. Nc3 a6 6. Be2 e5 7. Nb3 Be7 8.
O-O O-O 9. Be3 Be6 10. Qd2 Nbd7 11. a4 Nb6 12. a5 Nc4 13. Bxc4 Bxc4 14.
Rfd1 Rc8 15. Qe1 Qe8 16. Nc1 Ng4 17. Bb6 f5 18. h3 Nf6 19. exf5 Qh5 20. b3
Bf7 21. Nd3 Qxf5 22. Nb4 Be6 23. Ne2 d5 24. Ng3 Qg5 25. Ra4 Rfe8 26. h4 Qg6
27. Nd3 Bd6 28. h5 Qf7 29. Nxe5 Bxe5 30. Qxe5 Bd7 31. Qf4 Bxa4 32. bxa4 h6
33. Bd4 Rxc2 34. f3 Rc6 35. Rb1 Qc7 36. Qh4 Rc1+ 37. Rxc1 Qxc1+ 38. Kh2 Qg5
39. Qxg5 hxg5 40. h6 Kh7 41. hxg7 Kg6 42. Kh3 Rg8 43. Bxf6 Kxf6 44. Kg4 d4
45. Ne4+ Kxg7 46. Nxg5 d3 0-1

[Event "FIDE Grand Swiss 2021"]
[Site "Riga"]
[Date "30.10.2021"]
[Round "4"]
[White "Kravtsiv, Martyn"]
[Black "Bartel, Mateusz"]
[Result "1/2-1/2"]
[WhiteElo "2625"]
[BlackElo "2597"]
[EventDate "2021"]

1. e4 c6 2. d4 d5 3. e5 c5 4. dxc5 e6 5. a3 Bxc5 6. Nf3 a6 7. Bd3 Ne7 8.
O-O Nbc6 9. b4 Ba7 10. Bb2 Ng6 11. Nbd2 Nf4 12. Nb3 O-O 13. Qd2 Nxd3 14.
cxd3 d4 15. Qf4 f6 16. exf6 Rxf6 17. Qe4 e5 18. Nxe5 Bf5 19. Nxc6 bxc6 20.
Qe5 Bxd3 21. Rfe1 Bc4 22. Nc5 Bxc5 23. bxc5 Rg6 24. Bxd4 Bd5 25. g3 Qh4 26.
f3 Rg5 27. Be3 Qxh2+ 28. Kxh2 Rxe5 29. Bd4 Rh5+ 30. Kg2 Rf5 31. Re3 Raf8
32. Rf1 h5 33. Re7 R8f7 34. Rxf7 Kxf7 35. Kf2 g5 36. Kg1 Bxf3 37. Be3 Ke6
38. Bxg5 Rxg5 39. Rxf3 Rxc5 40. Rf4 Ra5 41. Rh4 Rf5 42. Ra4 Kd5 43. Rxa6 c5
44. Ra4 Rf8 45. Rh4 c4 46. Rxh5+ Kd4 47. Kg2 c3 48. g4 Rf1 49. Kxf1 c2 50.
Kg2 c1=Q 51. Rf5 Ke4 52. a4 Qc2+ 53. Kg3 Qb3+ 54. Kh4 Qxa4 55. Kg5 Qe8 56.
Kh4 Qg6 57. Kh3 Qh6+ 58. Kg3 Qh1 59. Rf4+ Ke3 60. Rf5 Qe1+ 61. Kh3 Ke4 62.
Rf7 Qc3+ 63. Kh4 Qh8+ 64. Kg3 Qb8+ 65. Kh4 Qh2+ 66. Kg5 Ke5 67. Rf5+ Ke6
68. Rf6+ Ke7 69. Rf3 Qg2 70. Rf5 Qh3 71. Kf4 Qh4 72. Kf3 Qh2 73. Rh5 Qb8
74. Rf5 Ke6 75. Kg2 Qb3 76. Kh2 Qe3 77. Kg2 Qc3 78. Kh2 Qe1 79. Kh3 Kd6 80.
Kg2 Ke7 81. Kf3 Qh4 82. Rh5 Qe1 83. Rf5 Ke6 84. Kg2 Qh4 85. Kf3 Qh3+ 86.
Kf4 Qg2 87. Kg5 Qg3 88. Kh5 Qh3+ 89. Kg5 Qh2 90. Rf6+ Ke5 91. Rf7 Ke4 92.
Rf5 Qh8 93. Rf4+ Ke3 94. Rf5 Ke2 95. Rf4 Qd8+ 96. Kh5 Qe8+ 97. Kh4 Qe7+ 98.
Kh5 Qd8 99. Rf5 Ke3 100. Rf1 Qh8+ 101. Kg5 Qh7 102. Rf5 Ke4 1/2-1/2

[Event "FIDE Grand Swiss 2021"]
[Site "Riga"]
[Date "30.10.2021"]
[Round "4"]
[White "Kuzubov, Yuriy"]
[Black "Miezis, Normunds"]
[Result "1-0"]
[WhiteElo "2624"]
[BlackElo "2467"]
[EventDate "2021"]

1. e4 c5 2. Nf3 e6 3. d4 cxd4 4. Nxd4 a6 5. Bd3 Ne7 6. O-O Nbc6 7. Nxc6
Nxc6 8. Be3 Be7 9. c4 b6 10. Nc3 Bc5 11. Qd2 O-O 12. f4 d6 13. Kh1 Rb8 14.
Rad1 Qe7 15. a3 a5 16. Bc2 Ba6 17. Ba4 Rbc8 18. Bb5 Bb7 19. Na4 Qc7 20.
Nxc5 dxc5 21. Qd6 e5 22. fxe5 Nxe5 23. Bf4 Qxd6 24. Rxd6 f6 25. Rxb6 Bxe4
26. Kg1 Rcd8 27. Re1 Ba8 28. Be3 Nd3 29. Rd1 Nxb2 30. Rdd6 Nd3 31. Bd2 Be4
32. Bxa5 Ra8 33. Ra6 Rxa6 34. Bxa6 Ne5 35. Bc3 Nf7 36. Re6 Ng5 37. Rb6 Rd8
38. h4 Nf7 39. Re6 Nd6 40. Ba5 Rd7 41. Bc7 Rxc7 42. Rxd6 Kf7 43. Bb5 Ke7
44. Rd2 Ra7 45. a4 Ke6 46. Kf2 f5 47. Ke3 g6 48. g3 h6 49. Rd8 g5 50. Rh8
Ke5 51. Re8+ Kd6 52. hxg5 hxg5 53. Rg8 Bc2 54. Rxg5 Bxa4 55. Kf4 Ra5 56.
Rg6+ Ke7 57. Rb6 Bxb5 58. Rxb5 Ra1 59. Kxf5 Kd6 60. Rb6+ Kc7 61. Re6 Rf1+
62. Ke5 Rd1 63. Rf6 Kd7 64. Rf4 Ke7 65. g4 Rd2 66. g5 Rd1 67. g6 Rg1 68.
Rf7+ Ke8 69. Kf6 Rg4 70. Re7+ Kd8 71. Re5 1-0

[Event "FIDE Grand Swiss 2021"]
[Site "Riga"]
[Date "30.10.2021"]
[Round "4"]
[White "Bjerre, Jonas Buhl"]
[Black "Adhiban, Baskaran"]
[Result "1-0"]
[WhiteElo "2569"]
[BlackElo "2672"]
[EventDate "2021"]

1. e4 c5 2. Nf3 Nc6 3. d4 cxd4 4. Nxd4 Nf6 5. Nc3 d6 6. Bg5 a6 7. Qd2 e6 8.
O-O-O Bd7 9. f4 b5 10. Bxf6 gxf6 11. Kb1 Qb6 12. Nxc6 Bxc6 13. f5 h5 14.
fxe6 fxe6 15. Qf4 Be7 16. g3 Qc5 17. Bh3 Bd7 18. Ne2 Kf7 19. Qd2 h4 20. Nf4
Rag8 21. Rdf1 Bc8 22. Qe1 hxg3 23. hxg3 Qg5 24. Rh2 Rh6 25. Rfh1 Rgh8 26.
Qc3 e5 27. Qxc8 Rxc8 28. Be6+ Kg7 29. Rxh6 Qxh6 30. Rxh6 Kxh6 31. Bxc8 exf4
32. gxf4 a5 33. c3 d5 34. exd5 Bd6 35. Bd7 b4 36. Kc2 Bxf4 37. Kb3 bxc3 38.
bxc3 Kg7 39. c4 Be3 40. Ka4 Kf7 41. Kb5 Ke7 42. Kc6 Ba7 43. d6+ Kd8 44. Bf5
1-0

[Event "FIDE Grand Swiss 2021"]
[Site "Riga"]
[Date "30.10.2021"]
[Round "4"]
[White "Gretarsson, Hjorvar Steinn"]
[Black "Jumabayev, Rinat"]
[Result "0-1"]
[WhiteElo "2577"]
[BlackElo "2658"]
[EventDate "2021"]

1. c4 e5 2. Nc3 d6 3. d4 exd4 4. Qxd4 Nc6 5. Qd2 g6 6. b3 Bg7 7. Bb2 Nf6 8.
g3 h5 9. Nf3 O-O 10. Bg2 a5 11. O-O Re8 12. Rad1 Nb4 13. Rfe1 Bd7 14. e4
Bc6 15. Nd4 Ng4 16. h3 Ne5 17. Re3 Nd7 18. Nce2 Bh6 19. f4 Nxa2 20. Nxc6
bxc6 21. g4 hxg4 22. hxg4 Nb4 23. g5 Bg7 24. Bxg7 Kxg7 25. Qc3+ f6 26.
gxf6+ Nxf6 27. e5 Ng4 28. exd6+ Kf7 29. Rh3 Qf6 30. Bf3 Re3 31. Qd2 Rd3 32.
Qe1 Qxd6 33. Rxd3 Nxd3 34. Qc3 Nf6 35. Bxc6 Qc5+ 36. Nd4 Nxf4 37. Bxa8 Ne2+
0-1

[Event "FIDE Grand Swiss 2021"]
[Site "Riga"]
[Date "30.10.2021"]
[Round "4"]
[White "Meshkovs, Nikita"]
[Black "Paravyan, David"]
[Result "1/2-1/2"]
[WhiteElo "2550"]
[BlackElo "2642"]
[EventDate "2021"]

1. Nf3 d5 2. d4 Nf6 3. c4 e6 4. Nc3 Be7 5. Bf4 O-O 6. c5 b6 7. b4 a5 8. a3
Ne4 9. Rc1 axb4 10. axb4 Nc6 11. b5 Na5 12. e3 bxc5 13. dxc5 Nxc5 14. Be2
Ncb3 15. Rb1 Bb4 16. Qc2 d4 17. Nxd4 Nxd4 18. exd4 Qxd4 19. Be5 Qc5 20. O-O
Bb7 21. Qd3 Rad8 22. Qg3 f6 23. Bxc7 Qxc3 24. Bxd8 Rxd8 25. Qg4 Bc5 26.
Qxe6+ Kf8 27. Rbc1 Qb3 28. Qg4 Rd4 29. Qg3 Bd6 30. Qc3 Qd5 31. Bf3 Qe5 32.
g3 Bb4 33. Qe3 Qxe3 34. fxe3 Rd7 35. Bxb7 Rxb7 36. Rf5 Ke7 37. Rd5 Rd7 38.
Rd4 Bd2 39. Rxd7+ Kxd7 40. Rd1 Nc4 41. Kf2 Ke6 42. e4 Ba5 43. Kf3 Bb6 44.
Ke2 Nd6 45. Kd3 Ke5 46. Re1 h5 47. Rc1 Nxe4 48. Rc8 Kf5 49. Rc6 Bg1 50. h3
Nxg3 51. Rc1 Bf2 52. Rc2 Bb6 53. Rc6 Ba5 54. Ra6 Bc7 55. Ra7 Be5 56. Rxg7
Ne4 57. b6 Kf4 58. Rh7 Nf2+ 59. Ke2 Ne4 60. Kd3 Nf2+ 61. Kc4 Kg5 62. Re7
Bf4 63. b7 h4 64. Re3 Bb8 65. Re8 Bf4 66. Kd5 Nxh3 67. Ke4 Kg4 68. Kd3 Kf3
69. Rf8 Nf2+ 70. Kd4 Ng4 71. Rh8 Ne3 72. Kd3 Nf5 73. Rf8 h3 74. Rxf6 Kg4
75. Rg6+ Kh5 76. Rg1 Ng3 77. Rb1 Bb8 78. Kd4 h2 79. Kd5 Ne2 80. Rh1 Kg4 81.
Ke6 Kh3 82. Kd7 Nd4 83. Kc8 Nc6 84. Rc1 Kg4 85. Rxc6 h1=Q 86. Rc4+ Kf5 87.
Kxb8 Ke6 88. Ka7 Qg1+ 89. Ka6 Qa1+ 90. Kb6 Qb2+ 91. Kc7 Qe5+ 92. Kc8 Qh8+
93. Kc7 Qg7+ 94. Kb6 Qb2+ 95. Kc7 Qe5+ 96. Kc8 Qh8+ 97. Kc7 Qg7+ 98. Kb6
Qb2+ 99. Kc7 1/2-1/2

[Event "FIDE Grand Swiss 2021"]
[Site "Riga"]
[Date "30.10.2021"]
[Round "4"]
[White "Rakotomaharo, Fy Antenaina"]
[Black "Ivic, Velimir"]
[Result "0-1"]
[WhiteElo "2484"]
[BlackElo "2606"]
[EventDate "2021"]

1. e4 c5 2. Nf3 Nc6 3. d4 cxd4 4. Nxd4 Nf6 5. Nc3 e5 6. Ndb5 d6 7. Nd5 Nxd5
8. exd5 Nb8 9. Qf3 a6 10. Qa3 Be7 11. Bg5 f6 12. Be3 O-O 13. O-O-O Bf5 14.
Nc3 Nd7 15. Rg1 Bg6 16. g4 b5 17. h4 Rb8 18. Qxa6 b4 19. Na4 Ra8 20. Qb5
Qc7 21. Rd2 Rfb8 22. Qc6 Qd8 23. b3 Be8 24. Qc4 Nf8 25. Qe4 Bxa4 26. bxa4
Rxa4 27. Bc4 Qa5 28. Kd1 b3 29. cxb3 Rxa2 30. Ke2 Bd8 31. Qb1 Rxd2+ 32.
Bxd2 Qc5 33. Be3 Qb4 34. Qa2 Bb6 35. Ra1 Bd4 36. Bxd4 exd4 37. Qd2 Re8+ 38.
Kd1 Qc5 39. Ra5 Qc7 40. Ra4 Ng6 41. h5 Ne5 42. Qxd4 Nxc4 43. Rxc4 Qa5 44.
b4 Qa2 45. Rc2 Qb1+ 46. Rc1 Qb3+ 47. Kd2 h6 48. Rc2 Qf3 49. Kc1 Re4 50. Qc3
Qf4+ 51. Qd2 Qxg4 52. b5 Rb4 53. Qd3 Qg1+ 54. Kd2 Qxf2+ 55. Kc3 Qc5+ 56.
Kd2 Qf2+ 57. Kc3 Qe1+ 58. Rd2 Rb1 59. Qf5 Qe3+ 60. Kc4 Rc1+ 0-1

[Event "FIDE Grand Swiss 2021"]
[Site "Riga"]
[Date "30.10.2021"]
[Round "4"]
[White "Georgiev, Kiril"]
[Black "Vokhidov, Shamsiddin"]
[Result "1-0"]
[WhiteElo "2577"]
[BlackElo "2521"]
[EventDate "2021"]

1. e4 c5 2. Nf3 e6 3. Nc3 Nc6 4. d4 cxd4 5. Nxd4 Qc7 6. g3 a6 7. Bg2 h5 8.
h3 Nf6 9. O-O h4 10. g4 Nxd4 11. Qxd4 Bc5 12. Qd3 d6 13. Be3 Bd7 14. Bxc5
dxc5 15. Qe3 e5 16. Rad1 Be6 17. Nd5 Bxd5 18. exd5 O-O-O 19. Rfe1 Rhe8 20.
Qg5 e4 21. Bxe4 Nxe4 22. Rxe4 Rxe4 23. Qf5+ Qd7 24. Qxe4 Re8 25. Qf3 Re5
26. Kg2 f5 27. c4 g6 28. b3 fxg4 29. hxg4 Qd6 30. Rd3 Kd7 31. Re3 Rxe3 32.
Qxe3 Qf6 33. g5 Qd4 34. Kh3 Kd8 35. Qf3 Ke8 36. a4 a5 37. Qf6 Qe4 38. Qe6+
Qxe6+ 39. dxe6 Ke7 40. Kxh4 Kxe6 41. Kg4 Ke5 42. f3 Kd4 43. Kf4 b6 44. Kg3
Kd3 45. Kf2 Kd4 46. Ke2 Ke5 47. Ke3 1-0

[Event "FIDE Grand Swiss 2021"]
[Site "Riga"]
[Date "30.10.2021"]
[Round "4"]
[White "Budisavljevic, Luka"]
[Black "Suleymanli, Aydin"]
[Result "1/2-1/2"]
[WhiteElo "2508"]
[BlackElo "2541"]
[EventDate "2021"]

1. d4 d5 2. Nf3 Nf6 3. e3 c6 4. c4 e6 5. Bd3 Nbd7 6. O-O Bd6 7. Nbd2 O-O 8.
e4 dxe4 9. Nxe4 Nxe4 10. Bxe4 Nf6 11. Bc2 c5 12. Qd3 cxd4 13. Bg5 Re8 14.
Qxd4 e5 15. Qh4 h6 16. Bxf6 Qxf6 17. Qxf6 gxf6 18. Rad1 Bc5 19. b3 a5 20.
Nh4 Bd4 21. a4 Ra6 22. Be4 Rd6 23. Rd3 Red8 24. Rfd1 Kf8 25. Kf1 b6 26. h3
Ke7 27. Ke2 Bc5 28. Rxd6 Bxd6 29. Nf5+ Bxf5 30. Bxf5 Bb4 31. Rxd8 Kxd8 32.
g4 1/2-1/2